LEADER 00728nam0-22002651i-450- 001 990000359800403321 005 20040531112759.0 035 $a000035980 035 $aFED01000035980 035 $a(Aleph)000035980FED01 035 $a000035980 100 $a20020821d--------km-y0itay50------ba 101 0 $aita 105 $ay-------001yy 200 1 $aProgramma 101 electronic desk-top computer$fOlivetti 210 $as.e.$cs.l.$ds.d. 215 $a... pp. .... cm 710 02$aOlivetti & C.$c$06278 801 0$aIT$bUNINA$gRICA$2UNIMARC 901 $aBK 912 $a990000359800403321 952 $a14 no-clc$fDINMP 959 $aDINMP 996 $aProgramma 101 electronic desk-top computer$9126278 997 $aUNINA